| 000 -LEADER |
| fixed length control field |
00343nam a2200133Ia 4500 |
| 003 - CONTROL NUMBER IDENTIFIER |
| control field |
OSt |
| 005 - DATE AND TIME OF LATEST TRANSACTION |
| control field |
20220329162740.0 |
| 008 - FIXED-LENGTH DATA ELEMENTS--GENERAL INFORMATION |
| fixed length control field |
220318s9999 xx 000 0 und d |
| 020 ## - INTERNATIONAL STANDARD BOOK NUMBER |
| International Standard Book Number |
9789385462665 |
| 100 ## - MAIN ENTRY--PERSONAL NAME |
| Personal name |
Ghosh, S. (Satyajit) |
| 245 #0 - TITLE STATEMENT |
| Title |
Architecture of ancient Tamil Nadu : the Kallanai Dam story |
| 260 ## - PUBLICATION, DISTRIBUTION, ETC. (IMPRINT) |
| Place of publication, distribution, etc |
Ane books |
| 942 ## - ADDED ENTRY ELEMENTS (KOHA) |
| Source of classification or shelving scheme |
|